Among Us Locations - All maps - Statistics

General Stats
  • This quiz has been taken 359 times
  • The average score is 30 of 40
Answer Stats
Map task there Location % Correct
skeld Wires, fuel engines, trash storage
96%
mira water plants (1/2) storage
96%
polus fuel engines storage
96%
skeld Wires, data, swipe card admin
93%
mira chart course admin
93%
polus no task, some security though admin
93%
skeld data, power, wires, calibrate distributor electrical
91%
polus wires electrical
91%
skeld submit scan, inspect sample medbay
91%
mira submit scan medbay
91%
skeld Wires, data, trash cafeteria
89%
mira buy beverage cafeteria
89%
skeld start ____, unlock manifolds reactor
88%
mira unlock manifolds reactor
88%
skeld clear asteroids, data, power weapons
87%
polus clear asteroids weapons
87%
skeld wires, power, data, chart course, stabilise steering navigation
86%
skeld data, power, fuel engines, align engine output lower engine
85%
skeld power, prime _____ shields
85%
skeld data, power, fuel engines, align engine output upper engine
85%
skeld wires, power security
83%
polus no task, security though security
83%
mira process data office
68%
polus Show passport office
68%
skeld trash, clean filter oxygen
67%
polus monitor tree oxygen
67%
skeld data, power comms
64%
mira power comms
64%
polus reboot wifi comms
64%
mira clean o2 fliter greenhouse
63%
mira THE GRAVEYARD OF MIRA (not a task lol) laboratory
61%
polus submit scan laboratory
61%
mira weather balcony
60%
mira fuel engines launchpad
50%
polus open waterways boiler room
46%
polus chart course dropship
46%
mira wires locker room
46%
mira no task, there’s the ‘use’ button though decontamination
41%
polus wires decontamination
41%
polus start reactor specimen room
39%
No matching quizzes found
Score Distribution
Percent of People with Each Score
Percentile by Number Answered
Your Score History
You have not taken this quiz